00144 a2200073 450000100060000010000050000624500290001126000300004057587 a aIslam aur jadeed science aLahorebMinhaj ul Quranc